[Event "SVK 3.liga A2"]
[Site "?"]
[Date "2020.01.05"]
[Round "6.5"]
[White "Kosticky, Simon"]
[Black "Diviak, Rudolf"]
[Result "1-0"]
[WhiteElo "1818"]
[BlackElo "1766"]
[PlyCount "97"]
[EventDate "2019.10.06"]

1. c4 e5 2. Nc3 c6 3. g3 Nf6 4. Bg2 Be7 5. d3 Na6 6. Bg5 d6 7. Nf3 Rb8 8. a3
Nc7 9. b4 Bd7 10. Rb1 O-O 11. O-O b6 12. a4 Ne6 13. Bxf6 Bxf6 14. b5 Qc8 15.
Nd2 Qe8 16. e3 Nc5 17. Qc2 Qc8 18. Rfe1 Bf5 19. Nde4 Nxe4 20. Nxe4 Be7 21. bxc6
Bh3 22. Bh1 f5 23. Nc3 Kh8 24. Nb5 a6 25. c7 Rb7 26. Nc3 Rxc7 27. Rxb6 e4 28.
Nd5 exd3 29. Qxd3 Rxc4 30. Nxe7 Rc1 31. Qd2 Rxe1+ 32. Qxe1 Qc5 33. Rxa6 g5 34.
Rc6 Qe5 35. Qc3 f4 36. Qxe5+ dxe5 37. exf4 Rd8 38. Rc1 gxf4 39. a5 Rd7 40. Nc6
e4 41. Bxe4 Rc7 42. a6 Bc8 43. a7 Bb7 44. Rb1 Bxc6 45. Bxc6 Rxa7 46. Rb8+ Kg7
47. Rb7+ Rxb7 48. Bxb7 fxg3 49. hxg3 1-0

[Event "SVK 3.liga A2"]
[Site "?"]
[Date "2020.01.05"]
[Round "6.5"]
[White "Skapik, Branislav"]
[Black "Jancik, Ondrej"]
[Result "1/2-1/2"]
[WhiteElo "1743"]
[BlackElo "1558"]
[PlyCount "120"]
[EventDate "2019.10.06"]

1. e4 c5 2. Nc3 d6 3. g3 Nc6 4. Bg2 g6 5. f4 Bg7 6. h3 e6 7. Nf3 Nge7 8. d3 O-O
9. O-O Bd7 10. Be3 Rc8 11. Bf2 Nd4 12. Rb1 Nec6 13. Nxd4 Bxd4 14. Bxd4 Nxd4 15.
Ne2 Nxe2+ 16. Qxe2 Bc6 17. Qf2 d5 18. Rbd1 d4 19. g4 Qe7 20. Qg3 b6 21. Rde1
Qb7 22. f5 Qc7 23. Qxc7 Rxc7 24. f6 g5 25. e5 Bxg2 26. Kxg2 h6 27. Kg3 Kh7 28.
Rf2 c4 29. dxc4 Rxc4 30. Rd2 Rfc8 31. Ree2 Rb4 32. b3 Rc3+ 33. Kg2 Re3 34. Rxe3
dxe3 35. Re2 Re4 36. Kf3 Rxe5 37. Rxe3 Rd5 38. Rd3 Rc5 39. c4 Kg6 40. Rd7 b5
41. cxb5 Rxb5 42. Rxa7 Kxf6 43. Rc7 Rd5 44. Ke3 Rd1 45. Kf3 Rd3+ 46. Ke2 Rxh3
47. Ra7 h5 48. gxh5 Rxh5 49. b4 g4 50. Kf2 Rf5+ 51. Kg3 Kg5 52. Ra5 e5 53. Rc5
Rf3+ 54. Kg2 Kf4 55. b5 Ra3 56. Rc2 Rg3+ 57. Kf2 Rh3 58. Kg2 Rg3+ 59. Kf2 Rh3
60. Kg2 Rg3+ 1/2-1/2

[Event "SVK 3.liga A2"]
[Site "?"]
[Date "2020.01.05"]
[Round "6.5"]
[White "Nemcovic, Peter"]
[Black "Hrdlicka, Martin"]
[Result "0-1"]
[WhiteElo "1638"]
[BlackElo "1813"]
[PlyCount "74"]
[EventDate "2019.10.06"]

1. d4 d5 2. c4 c6 3. Nc3 Nf6 4. cxd5 cxd5 5. Qc2 Nc6 6. e3 a6 7. a3 e5 8. dxe5
Nxe5 9. Nge2 Be6 10. Nd4 Rc8 11. Be2 Bd6 12. O-O O-O 13. f4 Nc6 14. Nf3 Qb6 15.
Qd3 Bxf4 16. Kh1 Bb8 17. Ng5 Ne5 18. Qb1 Ng6 19. Bd3 Qd6 20. g3 Ng4 21. Ne2 Qe5
22. Nf3 Qh5 23. b4 N6e5 24. Nf4 Qh6 25. Ra2 Nxd3 26. Qxd3 Rxc1 27. Rxc1 d4 28.
Nxe6 fxe6 29. Qxd4 Nxe3 30. Ne5 Nf5 31. Qc5 Bxe5 32. Kg2 Bd4 33. Qc7 Ne3+ 34.
Kh1 Qh3 35. Rg1 Nd5 36. Qc4 Bxg1 37. Kxg1 Ne3 0-1

[Event "SVK 3.liga A2"]
[Site "?"]
[Date "2020.01.05"]
[Round "6.5"]
[White "Ulehla, Jakub"]
[Black "Fajnor, Dusan"]
[Result "1-0"]
[WhiteElo "1775"]
[BlackElo "1628"]
[PlyCount "49"]
[EventDate "2019.10.06"]

1. e4 c5 2. Nf3 d6 3. d4 cxd4 4. Nxd4 Nf6 5. Nc3 a6 6. Be3 Nc6 7. Be2 g6 8. O-O
Bg7 9. f4 O-O 10. Nb3 Qc7 11. Qe1 b5 12. Bf3 Rb8 13. Qh4 Bd7 14. g4 e5 15. f5
Ne8 16. Bh6 Qd8 17. g5 gxf5 18. Nd5 f4 19. Bxg7 Kxg7 20. Qh6+ Kg8 21. Nf6+ Nxf6
22. gxf6 Qxf6 23. Qxf6 Be6 24. Kf2 Ne7 25. Qxe7 1-0

[Event "SVK 3.liga A2"]
[Site "?"]
[Date "2020.01.05"]
[Round "6.5"]
[White "Moravec, Milan"]
[Black "Sadlon, Matus"]
[Result "1/2-1/2"]
[WhiteElo "1598"]
[BlackElo "1715"]
[PlyCount "53"]
[EventDate "2019.10.06"]

1. d4 Nf6 2. c4 g6 3. Nc3 d5 4. cxd5 Nxd5 5. e4 Nxc3 6. bxc3 Bg7 7. Bb5+ c6 8.
Be2 Nd7 9. Nf3 O-O 10. O-O Nb6 11. Be3 Be6 12. Ng5 Bc4 13. Bxc4 Nxc4 14. Qd3 b5
15. Nf3 Qc7 16. Nd2 Nxd2 17. Qxd2 Rad8 18. Bh6 e5 19. Bxg7 Kxg7 20. Qe3 Rfe8
21. f4 exd4 22. cxd4 Qe7 23. e5 f5 24. Rfc1 Qb4 25. Rxc6 Qxd4 26. Qxd4 Rxd4 27.
g3 1/2-1/2

[Event "SVK 3.liga A2"]
[Site "?"]
[Date "2020.01.05"]
[Round "6.6"]
[White "Takacs, Laszlo"]
[Black "Liptak, Dusan"]
[Result "1-0"]
[WhiteElo "2185"]
[BlackElo "2138"]
[PlyCount "55"]
[EventDate "2019.10.06"]

1. e4 c5 2. Nf3 d6 3. d4 cxd4 4. Nxd4 Nf6 5. Nc3 a6 6. Bg5 Nbd7 7. f4 Qc7 8.
Qf3 h6 9. Bh4 g5 10. fxg5 hxg5 11. Bxg5 Qc5 12. Be3 Ne5 13. Qe2 Nfg4 14. Bg1
Bh6 15. Nd5 Qa5+ 16. c3 Be6 17. Nb3 Qd8 18. Bb6 Qd7 19. Nc7+ Kf8 20. Nxa8 Bc4
21. Qc2 Bf4 22. Nd2 Rxh2 23. Rxh2 Bg3+ 24. Kd1 Bxf1 25. Rh8+ Kg7 26. Nxf1 Kxh8
27. Nxg3 Nc4 28. Qe2 1-0

[Event "SVK 3.liga A2"]
[Site "?"]
[Date "2020.01.05"]
[Round "6.6"]
[White "Kovacocy, Pavel"]
[Black "Cibulka, Vladimir"]
[Result "1-0"]
[WhiteElo "2288"]
[BlackElo "2154"]
[PlyCount "59"]
[EventDate "2019.10.06"]

1. e4 Nc6 2. Nf3 d6 3. d4 Nf6 4. Nc3 Bg4 5. d5 Nb8 6. Be2 Nbd7 7. Nd4 Bxe2 8.
Qxe2 g6 9. Be3 Bg7 10. O-O O-O 11. f4 Nb6 12. f5 Nfd7 13. Rf3 Ne5 14. Rh3 c5
15. Nf3 Nxf3+ 16. Qxf3 Nc4 17. Bh6 Bxh6 18. Rxh6 Kg7 19. Qh3 Rh8 20. Rf1 Ne5
21. Ne2 Qa5 22. Qh4 Qd2 23. Nf4 Qe3+ 24. Kh1 Ng4 25. Qxg4 Kxh6 26. f6 exf6 27.
Qh4+ Kg7 28. Nh5+ Kh6 29. Ng3+ Kg7 30. Qxf6+ 1-0

[Event "SVK 3.liga A2"]
[Site "?"]
[Date "2020.01.05"]
[Round "6.6"]
[White "Voros, Gellert"]
[Black "Sarmir, Milos"]
[Result "1-0"]
[WhiteElo "2172"]
[BlackElo "2060"]
[PlyCount "147"]
[EventDate "2019.10.06"]

1. d4 Nf6 2. Nc3 d5 3. Bf4 c6 4. e3 e6 5. Nf3 Nbd7 6. Bd3 Be7 7. Ne5 O-O 8. O-O
Nxe5 9. dxe5 Nd7 10. Qh5 g6 11. Qg4 Re8 12. Bg3 Qc7 13. f4 Qb6 14. Nd1 Nc5 15.
Bh4 Nxd3 16. cxd3 Qd8 17. Bxe7 Qxe7 18. Nf2 b6 19. Qd1 Ba6 20. Ng4 Red8 21.
Nf6+ Kg7 22. Rf3 Qb4 23. Rh3 h6 24. Qe2 c5 25. Qf2 Bxd3 26. Qh4 Rh8 27. Nh5+
Kf8 28. Qf6 Rh7 29. Ng3 Qxb2 30. Rd1 c4 31. e4 dxe4 32. f5 Qd4+ 33. Kh1 exf5
34. Nxf5 gxf5 35. Rxh6 Rxh6 36. Qxh6+ Kg8 37. Qg5+ Kf8 38. Qh6+ Ke7 39. Qf6+
Kd7 40. e6+ fxe6 41. Qxd4+ Kc6 42. a4 Rc8 43. Kg1 Rc7 44. g3 Rd7 45. Qe5 Rd6
46. Kf2 Kd7 47. Ke3 a6 48. g4 fxg4 49. Rg1 Bc2 50. a5 Rd3+ 51. Ke2 Rd5 52. Qg7+
Kc6 53. axb6 Kxb6 54. Qxg4 c3 55. Qxe6+ Kc5 56. Qc8+ Kd4 57. Qh8+ Kc4 58. Qg8
Kd4 59. Qg7+ Kc4 60. Qf7 Kc5 61. Qe7+ Kc4 62. Qe6 Kc5 63. Ra1 Bd3+ 64. Ke3 c2
65. Qc8+ Kb6 66. Qb8+ Kc6 67. h4 Rc5 68. h5 Kd5 69. Qd8+ Kc4 70. Qd4+ Kb5 71.
Ra5+ Kxa5 72. Qxc5+ Ka4 73. h6 Kb3 74. h7 1-0

[Event "SVK 3.liga A2"]
[Site "?"]
[Date "2020.01.05"]
[Round "6.6"]
[White "Puchart, Vladimir"]
[Black "Simonics, Peter"]
[Result "1/2-1/2"]
[WhiteElo "2049"]
[BlackElo "2071"]
[PlyCount "49"]
[EventDate "2019.10.06"]

1. d4 Nf6 2. c4 g6 3. Nc3 Bg7 4. e4 d6 5. f3 O-O 6. Be3 c5 7. Nge2 Nc6 8. Qd2
Qa5 9. O-O-O a6 10. Kb1 b5 11. dxc5 dxc5 12. Nd5 b4 13. Nc1 Nxd5 14. cxd5 Nd4
15. Bxd4 cxd4 16. Nb3 Qb6 17. Nxd4 e6 18. Bc4 exd5 19. Bxd5 Bb7 20. Bxb7 Qxb7
21. Qe3 Qe7 22. Rhe1 Rac8 23. f4 Qb7 24. g3 Rfd8 25. Nb3 1/2-1/2

[Event "SVK 3.liga A2"]
[Site "?"]
[Date "2020.01.05"]
[Round "6.6"]
[White "Rachela, Jozef"]
[Black "Vagovsky, Jozef"]
[Result "1/2-1/2"]
[WhiteElo "2024"]
[BlackElo "1784"]
[PlyCount "22"]
[EventDate "2019.10.06"]

1. e4 c6 2. d4 d5 3. exd5 cxd5 4. Bd3 Nc6 5. c3 Nf6 6. Nf3 Qc7 7. Qe2 Bg4 8.
Nbd2 e6 9. Nf1 Bh5 10. Bg5 Be7 11. Bh4 Bg6 1/2-1/2

[Event "SVK 3.liga A2"]
[Site "?"]
[Date "2020.01.05"]
[Round "6.6"]
[White "Hornak, Pavol"]
[Black "Matis, Tibor"]
[Result "0-1"]
[WhiteElo "1750"]
[BlackElo "1973"]
[PlyCount "86"]
[EventDate "2019.10.06"]

1. d4 Nf6 2. c4 c5 3. d5 e6 4. Nc3 exd5 5. Nxd5 Nxd5 6. Qxd5 Nc6 7. Nf3 d6 8.
Bg5 Qc7 9. e3 Be6 10. Qd1 f6 11. Bf4 O-O-O 12. Be2 g5 13. Bg3 h5 14. h3 Be7 15.
Nd2 h4 16. Bh2 f5 17. f3 Bf6 18. O-O Rdg8 19. Nb3 Ne5 20. Nd2 Qe7 21. Rb1 Nc6
22. a3 Bd7 23. e4 g4 24. hxg4 h3 25. g3 fxg4 26. fxg4 Ne5 27. b4 Nxg4 28. Bxg4
Bd4+ 29. Kh1 Rxg4 30. b5 Rxe4 31. Nxe4 Qxe4+ 32. Qf3 Bf5 33. Rbe1 Re8 34. Bg1
Qxf3+ 35. Rxf3 Rxe1 36. Rxf5 Rxg1+ 37. Kh2 Rc1 38. Rf8+ Kc7 39. Rf7+ Kb6 40. a4
Rxc4 41. a5+ Kxb5 42. Rxb7+ Kxa5 43. Rxa7+ Kb6 0-1

[Event "SVK 3.liga A2"]
[Site "?"]
[Date "2020.01.05"]
[Round "6.6"]
[White "Rachela, Robert"]
[Black "Stefik, Miroslav"]
[Result "1/2-1/2"]
[WhiteElo "1843"]
[BlackElo "1610"]
[PlyCount "113"]
[EventDate "2019.10.06"]

1. e4 e5 2. Nf3 Nc6 3. Bb5 d6 4. h3 Bd7 5. d3 Nf6 6. O-O Be7 7. Re1 O-O 8. Nbd2
a6 9. Ba4 h6 10. Nf1 Nh7 11. Ng3 Bf6 12. c3 Ne7 13. Bb3 Be6 14. d4 Ng6 15. d5
Bd7 16. Nf5 Ng5 17. Bc2 Kh8 18. Be3 Nf4 19. c4 Kh7 20. c5 Bxf5 21. exf5 Qd7 22.
Rb1 g6 23. fxg6+ fxg6 24. Nxg5+ Bxg5 25. Bxf4 Rxf4 26. cxd6 cxd6 27. Qd3 Rf6
28. Re4 Qf5 29. Qe2 Raf8 30. h4 Qxf2+ 31. Qxf2 Rxf2 32. hxg5 Rxc2 33. gxh6 Rff2
34. Rg4 Kxh6 35. Rf1 Rxf1+ 36. Kxf1 Rxb2 37. a4 Rd2 38. Rb4 b5 39. axb5 axb5
40. Rxb5 Kg5 41. Ra5 Kf5 42. Ke1 Rd4 43. Ke2 g5 44. Ke3 Re4+ 45. Kf3 g4+ 46.
Kf2 Kf4 47. Ra6 g3+ 48. Kf1 Rd4 49. Rxd6 Ke3 50. Ke1 Ra4 51. Kd1 Kf2 52. Rd8
Kxg2 53. d6 Rd4+ 54. Ke2 Kg1 55. d7 Kg2 56. Ke3 Kg1 57. Ke2 1/2-1/2

[Event "SVK 3.liga A2"]
[Site "?"]
[Date "2020.01.05"]
[Round "6.6"]
[White "Prigoda, Lubos"]
[Black "Mezes, Kristof"]
[Result "1/2-1/2"]
[WhiteElo "1457"]
[BlackElo "1702"]
[PlyCount "71"]
[EventDate "2019.10.06"]

1. e4 e6 2. Nf3 d5 3. exd5 exd5 4. d4 Nf6 5. Bg5 Bd6 6. Bb5+ c6 7. Ba4 O-O 8.
O-O b5 9. Bb3 a5 10. c3 Bf5 11. Bc2 Bxc2 12. Qxc2 Nbd7 13. Nbd2 Qc7 14. g3 Rfe8
15. Rae1 h6 16. Bxf6 Nxf6 17. Nh4 Qd7 18. Qf5 Re6 19. Rxe6 Qxe6 20. Qxe6 fxe6
21. h3 c5 22. Nhf3 Nd7 23. Re1 Re8 24. Ne5 Bxe5 25. dxe5 Rf8 26. g4 h5 27. Kg2
hxg4 28. hxg4 Kf7 29. Kg3 g5 30. Nf3 Rg8 31. Rh1 Ke7 32. Rh7+ Ke8 33. Rh6 Ke7
34. Rh7+ Ke8 35. Rh6 Ke7 36. Rh7+ 1/2-1/2

[Event "SVK 3.liga A2"]
[Site "?"]
[Date "2020.01.19"]
[Round "7.1"]
[White "Liptak, Dusan"]
[Black "Kozinka, Roman"]
[Result "1-0"]
[WhiteElo "2138"]
[BlackElo "1952"]
[PlyCount "51"]
[EventDate "2019.10.06"]

1. d4 Nf6 2. c4 e6 3. Nf3 Bb4+ 4. Bd2 Bxd2+ 5. Qxd2 b6 6. Nc3 Bb7 7. d5 exd5 8.
cxd5 O-O 9. g3 c5 10. Bg2 d6 11. O-O Re8 12. Nh4 Na6 13. Rfe1 Qd7 14. e4 h6 15.
Nf5 Kh7 16. a4 Nc7 17. Bh3 Qd8 18. g4 Ng8 19. Qf4 Re5 20. Ne3 Ba6 21. Qxf7 Nf6
22. Nf5 Nce8 23. f4 Rxf5 24. exf5 Ng8 25. g5 Kh8 26. f6 1-0

[Event "SVK 3.liga A2"]
[Site "?"]
[Date "2020.01.19"]
[Round "7.1"]
[White "Capanda, Jan"]
[Black "Kovacocy, Pavel"]
[Result "0-1"]
[WhiteElo "1896"]
[BlackElo "2288"]
[PlyCount "104"]
[EventDate "2019.10.06"]

1. e4 c5 2. f4 d5 3. exd5 Qxd5 4. Nc3 Qd8 5. Nf3 Nc6 6. a3 g6 7. Bc4 Bg7 8. O-O
Nf6 9. d3 O-O 10. h3 b6 11. Kh1 Bb7 12. Ng5 e6 13. Ba2 Nd4 14. Nce4 Nxe4 15.
Nxe4 Qd7 16. Bb1 f5 17. Ng3 e5 18. c3 exf4 19. Bxf4 Ne6 20. Bd2 Rae8 21. a4 Ba6
22. Qc2 Rd8 23. Rf3 Bb7 24. Rf2 Kh8 25. Ne2 f4 26. Ng1 Ng5 27. Bxf4 Nxh3 28.
Nxh3 Qxh3+ 29. Kg1 Bxg2 30. Rxg2 Rxf4 31. Qe2 Rf5 32. Bc2 Rdf8 33. Re1 Rh5 34.
Rh2 Qg3+ 35. Rg2 Qh4 36. Rh2 Qxh2+ 37. Qxh2 Rxh2 38. Kxh2 Rf2+ 39. Kg3 Rxc2 40.
Re8+ Bf8 41. Rxf8+ Kg7 42. Rb8 Rxb2 43. d4 cxd4 44. cxd4 Rb4 45. Rb7+ Kh6 46.
d5 Rxa4 47. d6 Rd4 48. d7 a5 49. Kf3 a4 50. Ke3 Rd1 51. Rxb6 Rxd7 52. Ra6 Rf7
0-1

[Event "SVK 3.liga A2"]
[Site "?"]
[Date "2020.01.19"]
[Round "7.1"]
[White "Sarmir, Milos"]
[Black "Rau, Vladimir"]
[Result "1-0"]
[WhiteElo "2060"]
[BlackElo "1708"]
[PlyCount "59"]
[EventDate "2019.10.06"]

1. e4 c6 2. d4 d5 3. exd5 cxd5 4. Nf3 e6 5. Bd3 Nf6 6. O-O Be7 7. Bf4 O-O 8.
Nbd2 Nc6 9. c3 Bd7 10. Rc1 Qb6 11. b3 Rac8 12. Bb1 g6 13. Ne5 Nxe5 14. dxe5 Nh5
15. Be3 Qc7 16. Nf3 Rfd8 17. Re1 Bc6 18. Bg5 Bxg5 19. Nxg5 Qb6 20. Nxh7 Kxh7
21. Qxh5+ Kg7 22. Qg5 Rh8 23. Qf6+ Kg8 24. Bxg6 Be8 25. Re3 Rh6 26. Bxf7+ Kh7
27. Bg8+ Kxg8 28. Qxh6 Bb5 29. Rg3+ Kf7 30. Rg7+ 1-0

[Event "SVK 3.liga A2"]
[Site "?"]
[Date "2020.01.19"]
[Round "7.1"]
[White "Gajarsky, Julius"]
[Black "Puchart, Vladimir"]
[Result "0-1"]
[WhiteElo "1688"]
[BlackElo "2049"]
[PlyCount "68"]
[EventDate "2019.10.06"]

1. d4 Nf6 2. c4 c5 3. d5 b5 4. e3 g6 5. Qc2 Bg7 6. Nc3 bxc4 7. Bxc4 O-O 8. Nf3
Ba6 9. b3 Bxc4 10. bxc4 Ne4 11. Bd2 Nxd2 12. Qxd2 Na6 13. O-O Rb8 14. Rab1 Qa5
15. Nb5 Qa4 16. Rb3 Qxc4 17. Rfb1 Nb4 18. Nc7 Rb6 19. Rc1 Qe4 20. Rxc5 Rfb8 21.
a3 Nd3 22. Rcb5 Rxb5 23. Nxb5 Qxd5 24. Rxd3 Qxb5 25. h3 Qb1+ 26. Kh2 Rb2 27.
Qd1 Qa2 28. Rxd7 $11 Rxf2 29. Rd8+ Bf8 30. Nh4 Qc4 31. Rd4 Qc7+ 32. Kg1 Rc2 33.
Qd3 Rc3 34. Qd2 Rc1+ 0-1

[Event "SVK 3.liga A2"]
[Site "?"]
[Date "2020.01.19"]
[Round "7.1"]
[White "Vagovsky, Jozef"]
[Black "Libich, Oliver"]
[Result "1/2-1/2"]
[WhiteElo "1784"]
[BlackElo "1289"]
[PlyCount "76"]
[EventDate "2019.10.06"]

1. d4 d5 2. c4 c6 3. cxd5 cxd5 4. Nc3 Nf6 5. Nf3 Nc6 6. Bg5 e6 7. Rc1 Be7 8. e3
O-O 9. Bd3 h6 10. Bf4 Bd7 11. Ne5 Rc8 12. O-O Nxe5 13. dxe5 Ne8 14. Qe2 Nc7 15.
Qh5 Bg5 16. Bg3 a6 17. f4 Be7 18. Ne2 Bb5 19. Bb1 Bxe2 20. Qxe2 Qd7 21. Rcd1
Qb5 22. Bd3 Qb6 23. Kh1 Rfd8 24. f5 Bg5 25. fxe6 Nxe6 26. Qf3 Rc7 27. Rc1 Qxe3
28. Rxc7 Qxf3 29. gxf3 Nxc7 30. f4 Be7 31. Rc1 Ne6 32. Kg2 Kf8 33. Kf3 Ke8 34.
h4 Kd7 35. f5 Nc5 36. Bb1 Rc8 37. Rd1 Kc6 38. Rc1 Kd7 $11 1/2-1/2

[Event "SVK 3.liga A2"]
[Site "?"]
[Date "2020.01.19"]
[Round "7.1"]
[White "Skreko, Igor"]
[Black "Hornak, Pavol"]
[Result "0-1"]
[WhiteElo "1470"]
[BlackElo "1750"]
[PlyCount "78"]
[EventDate "2019.10.06"]

1. d4 Nf6 2. c4 g6 3. Nc3 d5 4. Bf4 Bg7 5. e3 O-O 6. h3 b6 7. Nf3 Bb7 8. Be2 e6
9. O-O Qe7 10. a3 dxc4 11. Bxc4 c5 12. Nb5 Rc8 13. Nd6 Rd8 14. Nxb7 Qxb7 15.
Qa4 a6 16. Qc2 b5 17. Be2 c4 18. Bg5 Rc8 19. Bxf6 Bxf6 20. Ne5 Qc7 21. Qe4 Ra7
22. Rfc1 Nd7 23. Nd3 Qd6 24. Rab1 Rac7 25. Nb4 a5 26. Nc2 Bg7 27. b3 Nf6 28.
Qe5 Qxe5 29. dxe5 Ne4 30. Nd4 Nd2 31. Nxb5 Nxb1 32. Nxc7 Nxa3 33. Nxe6 fxe6 34.
Ra1 Bxe5 35. Rxa3 c3 36. Ra1 c2 37. Rc1 Bb2 38. Rxc2 Rxc2 39. Bc4 Rxc4 0-1

[Event "SVK 3.liga A2"]
[Site "?"]
[Date "2020.01.19"]
[Round "7.1"]
[White "Stefik, Miroslav"]
[Black "Prochazka, Viliam"]
[Result "1-0"]
[WhiteElo "1610"]
[BlackElo "1382"]
[PlyCount "121"]
[EventDate "2019.10.06"]

1. e4 c6 2. d4 d5 3. Nc3 dxe4 4. Nxe4 Bf5 5. Ng3 Bg6 6. Nf3 Nf6 7. Bd3 Bxd3 8.
Qxd3 e6 9. O-O Be7 10. Bd2 Nbd7 11. Bc3 Nd5 12. a3 Nxc3 13. Qxc3 Nb6 14. Ne5
O-O 15. Rad1 Qc7 16. Qf3 Nd7 17. Ng4 Bd6 18. Nh5 f5 19. Ne5 Nxe5 20. dxe5 Bxe5
21. Ng3 Bxb2 22. Qb3 Be5 23. Qxe6+ Kh8 24. Rd7 Rae8 25. Rxc7 Rxe6 26. Rxb7 a6
27. Ra7 c5 28. Nxf5 h5 29. Ne3 Bd4 30. a4 Ref6 31. Re7 g5 32. c3 Bxe3 33. Rxe3
Kg7 34. h3 Rf4 35. Re5 R4f5 36. Rxf5 Rxf5 37. Re1 Rf6 38. Re5 Kg6 39. Rxc5 h4
40. Rc4 Re6 41. Kh2 Rf6 42. Kg1 Re6 43. Kf1 Kf7 44. f3 Ke7 45. Kf2 Kd7 46. Rc5
Rg6 47. g4 Kd6 48. Ra5 Kd7 49. Ke3 Kc7 50. Ke4 Rc6 51. Kd4 Rf6 52. Rf5 Rg6 53.
Ke5 Rc6 54. Kd4 Rd6+ 55. Kc4 Rg6 56. a5 Kd7 57. Kd4 Rd6+ 58. Rd5 Ke6 59. Rxd6+
Kxd6 60. Ke4 Ke6 61. c4 1-0

[Event "SVK 3.liga A2"]
[Site "?"]
[Date "2020.01.19"]
[Round "7.2"]
[White "Holicky, Miroslav"]
[Black "Takacs, Laszlo"]
[Result "0-1"]
[WhiteElo "1772"]
[BlackElo "2185"]
[PlyCount "64"]
[EventDate "2019.10.06"]

1. d4 Nf6 2. Nf3 c5 3. g3 d5 4. Bg2 Nc6 5. O-O e6 6. Bg5 h6 7. Bxf6 Qxf6 8. Nc3
a6 9. e4 cxd4 10. Nxd5 exd5 11. exd5 Ne7 12. Re1 Bg4 13. c4 O-O-O 14. Qb3 Bxf3
15. Bxf3 Nf5 16. Rac1 Bc5 17. Qd3 Rhe8 18. Red1 Ne3 19. Bh1 Nxd1 20. Rxd1 Re7
21. a3 a5 22. Bf3 Rde8 23. Kg2 Kc7 24. b4 axb4 25. axb4 Bxb4 26. Qb3 Re3 27.
d6+ Kb8 28. fxe3 Rxe3 29. Qxe3 dxe3 30. d7 Be7 31. Rb1 Qa6 32. c5 Qa2+ 0-1

[Event "SVK 3.liga A2"]
[Site "?"]
[Date "2020.01.19"]
[Round "7.2"]
[White "Cibulka, Vladimir"]
[Black "Puskas, Miroslav"]
[Result "1-0"]
[WhiteElo "2154"]
[BlackElo "1876"]
[PlyCount "103"]
[EventDate "2019.10.06"]

1. d4 d5 2. Nf3 Nf6 3. Bg5 h6 4. Bh4 g5 5. Bg3 Ne4 6. Nbd2 Bg7 7. e3 Bf5 8. Be5
f6 9. Bg3 h5 10. h3 Nxg3 11. fxg3 Nd7 12. Be2 Bg6 13. O-O c6 14. c4 e6 15. cxd5
exd5 16. Qb3 Qc7 17. e4 Bf7 18. exd5 Bxd5 19. Bc4 Nb6 20. Rae1+ Kf7 21. Bxd5+
Nxd5 22. Nxg5+ Kg8 23. Ne6 Qb6 24. Qxb6 axb6 25. Nxg7 Kxg7 26. a3 Rae8 27. Kf2
Kf7 28. Nc4 Rxe1 29. Rxe1 Rd8 30. Re4 b5 31. Ne3 Nxe3 32. Kxe3 Rd5 33. g4 Rg5
34. Kf3 b6 35. gxh5 Rxh5 36. h4 c5 37. g3 Rd5 38. Ke3 c4 39. Kd2 f5 40. Rf4 Kg6
41. Kc3 Kh5 42. Kb4 Kg6 43. g4 fxg4 44. Rxg4+ Kf6 45. Re4 Rh5 46. Re5 Rxh4 47.
Rxb5 Rxd4 48. Rxb6+ Ke5 49. Rc6 Rd2 50. Kc3 Rh2 51. Rxc4 Kd6 52. a4 1-0

[Event "SVK 3.liga A2"]
[Site "?"]
[Date "2020.01.19"]
[Round "7.2"]
[White "Benkovsky, Peter"]
[Black "Blaho, Stefan"]
[Result "1/2-1/2"]
[WhiteElo "1632"]
[BlackElo "2068"]
[PlyCount "123"]
[EventDate "2019.10.06"]

1. d4 Nf6 2. c4 d6 3. Nc3 Nbd7 4. Nf3 c6 5. e4 e5 6. d5 c5 7. Bd2 Be7 8. Be2
Nf8 9. h3 Bd7 10. b3 Ng6 11. a4 O-O 12. Qc2 Ne8 13. O-O-O Nc7 14. g4 Nh4 15.
Nxh4 Bxh4 16. f4 exf4 17. Bxf4 Bg5 18. Rdf1 h6 19. h4 Bxf4+ 20. Rxf4 Qe7 21. g5
hxg5 22. hxg5 Qxg5 23. Qd2 g6 24. Rfh4 Qxd2+ 25. Kxd2 Rfe8 26. Rh8+ Kg7 27.
R8h7+ Kg8 28. Rh8+ Kg7 29. R8h7+ Kf8 30. Rf1 Re7 31. Rfh1 Re5 32. Rf1 Be8 33.
Rg1 Rd8 34. Rgh1 Rb8 35. Bg4 Rg5 36. Be2 Ke7 37. Rf1 b6 38. Rh8 Rd8 39. Rh7 a6
40. Rf4 Rb8 41. Nd1 b5 42. a5 bxc4 43. Bxc4 Rh5 44. Rxh5 gxh5 45. Ne3 Bd7 46.
Rh4 Rh8 47. Be2 Rb8 48. Bc4 Rh8 49. Be2 f5 50. Rxh5 Rxh5 51. Bxh5 fxe4 52. Bg6
Kf6 53. Bxe4 Ke5 54. Bg2 Bb5 55. Kc3 Kf4 56. Nc4 Ne8 57. b4 Bxc4 58. Kxc4 cxb4
59. Kxb4 Nc7 60. Kc4 Ke5 61. Bf3 Kf4 62. Bg2 1/2-1/2

[Event "SVK 3.liga A2"]
[Site "?"]
[Date "2020.01.19"]
[Round "7.2"]
[White "Bugar, Peter"]
[Black "Ganzova, Veronika"]
[Result "1-0"]
[WhiteElo "2010"]
[BlackElo "1600"]
[PlyCount "59"]
[EventDate "2019.10.06"]

1. c4 Nf6 2. Nc3 g6 3. g3 Bg7 4. Bg2 O-O 5. e4 d6 6. Nge2 c5 7. O-O Nc6 8. d3
Bg4 9. h3 Bxe2 10. Nxe2 Rb8 11. Nc3 Nd7 12. Be3 Nd4 13. Rb1 a6 14. a4 Ne5 15.
b4 cxb4 16. Nd5 Nec6 17. Nxb4 Nxb4 18. Rxb4 Qa5 19. Bd2 Qc5 20. Qb1 b5 21. axb5
axb5 22. Be3 Ne2+ 23. Kh2 Qc7 24. cxb5 Qa5 25. b6 Rfc8 26. Bf3 Nc3 27. Qb3 e6
28. b7 Re8 29. d4 Qa6 30. Re1 1-0

[Event "SVK 3.liga A2"]
[Site "?"]
[Date "2020.01.19"]
[Round "7.2"]
[White "Jancik, Ondrej"]
[Black "Rachela, Jozef"]
[Result "0-1"]
[WhiteElo "1558"]
[BlackElo "2024"]
[PlyCount "49"]
[EventDate "2019.10.06"]

1. e4 c5 2. Nf3 d6 3. d4 cxd4 4. Nxd4 Nf6 5. Nc3 a6 6. Be2 e5 7. Nf3 Be7 8. O-O
O-O 9. h3 Qc7 10. Be3 Nbd7 11. Rc1 b5 12. Nd2 Bb7 13. f3 Rac8 14. Ndb1 Nb6 15.
b3 d5 16. exd5 Nfxd5 17. Nxd5 Nxd5 18. Bf2 Rfd8 19. c4 Ne3 20. cxb5 Nxd1 21.
Rxc7 Rxc7 22. bxa6 Bxa6 23. Bxa6 Nxf2 24. Bc4 Bc5 25. Kh2 0-1

[Event "SVK 3.liga A2"]
[Site "?"]
[Date "2020.01.19"]
[Round "7.2"]
[White "Matis, Tibor"]
[Black "Nemcovic, Peter"]
[Result "1-0"]
[WhiteElo "1973"]
[BlackElo "1638"]
[PlyCount "80"]
[EventDate "2019.10.06"]

1. e4 e5 2. Nf3 Nc6 3. Bc4 Nf6 4. Nc3 Bc5 5. O-O O-O 6. d3 h6 7. Be3 Bb6 8. Nd5
d6 9. h3 Na5 10. Nxb6 axb6 11. Bb3 Nxb3 12. axb3 Rxa1 13. Qxa1 Be6 14. Qa7 Qa8
15. Ra1 Qxa7 16. Rxa7 Rb8 17. Kf1 Nd7 18. d4 exd4 19. Nxd4 g5 20. Nb5 d5 21.
Nxc7 dxe4 22. Nxe6 fxe6 23. Ra4 Rc8 24. c3 Nc5 25. Bxc5 bxc5 26. Rxe4 Kf7 27.
Ke2 Rd8 28. h4 Kf6 29. hxg5+ hxg5 30. Ra4 Ke5 31. b4 c4 32. Ra5+ Rd5 33. Rxd5+
Kxd5 34. Kf3 Ke5 35. Kg4 Kf6 36. f4 gxf4 37. Kxf4 e5+ 38. Ke4 b5 39. g4 Kg5 40.
Kxe5 Kxg4 1-0

[Event "SVK 3.liga A2"]
[Site "?"]
[Date "2020.01.19"]
[Round "7.2"]
[White "Fajnor, Dusan"]
[Black "Mezes, Kristof"]
[Result "0-1"]
[WhiteElo "1628"]
[BlackElo "1702"]
[PlyCount "86"]
[EventDate "2019.10.06"]

1. c4 e6 2. Nf3 d5 3. cxd5 exd5 4. d4 Nf6 5. Nc3 Bb4 6. a3 Ba5 7. b4 Bb6 8. Bb2
c6 9. e3 Bf5 10. Be2 O-O 11. O-O Nbd7 12. h3 Re8 13. Nh4 Bg6 14. Nxg6 hxg6 15.
Qc2 Qe7 16. Rac1 a6 17. Na4 Bc7 18. Nc5 Qd6 19. g3 Nxc5 20. Qxc5 Qd7 21. Kg2
Ne4 22. Qc2 Ng5 23. Rh1 Qd6 24. h4 Ne4 25. Rh3 Re7 26. h5 g5 27. Bc3 Rae8 28.
Bd2 f5 29. f4 g4 30. Rh2 Nxd2 31. Qxd2 Rxe3 32. Bd3 Bb6 33. Rhh1 Qf6 34. Rcd1
Bxd4 35. Rhe1 Rxe1 36. Rxe1 Rxe1 37. Qxe1 Kf7 38. Qe2 Qe6 39. Qc2 Kf6 40. a4
Qe3 41. Qd1 Qf2+ 42. Kh1 Qxg3 43. Qf1 Qh4+ 0-1

[Event "SVK 3.liga A2"]
[Site "?"]
[Date "2020.01.19"]
[Round "7.2"]
[White "Minarik, Jozef"]
[Black "Moravec, Milan"]
[Result "1/2-1/2"]
[WhiteElo "1653"]
[BlackElo "1598"]
[PlyCount "74"]
[EventDate "2019.10.06"]

1. e4 e6 2. d4 d5 3. exd5 exd5 4. Bd3 Nf6 5. Nf3 Bg4 6. O-O Be7 7. Bf4 O-O 8.
Nbd2 c5 9. dxc5 Bxc5 10. c3 Nc6 11. Qb3 Qb6 12. Qxb6 Bxb6 13. Rfe1 Rfe8 14. Kf1
Rxe1+ 15. Rxe1 Re8 16. Rxe8+ Nxe8 17. h3 Be6 18. Nb3 Nf6 19. Ke2 d4 20. c4 Nd7
21. Bd6 f6 22. g4 Nde5 23. c5 Bxb3 24. axb3 Nxd3 25. Kxd3 Ba5 26. Nxd4 Kf7 27.
Nxc6 bxc6 28. Kc4 Be1 29. f3 a5 30. Kd3 Ke6 31. Ke4 g6 32. f4 f5+ 33. gxf5+
gxf5+ 34. Kd4 Bf2+ 35. Kc4 Be1 36. Be5 Bd2 37. Kd3 Bb4 1/2-1/2